| Tag |
First Indicator |
Second Indicator |
Subfields |
| LEADER |
00000cam a2200000 i 4500 |
| 001 |
in00003860121 |
| 005 |
20211120181855.0 |
| 006 |
m o d f |
| 007 |
cr mn||||||||| |
| 008 |
170208s2010 dcuab oabt f001 0 eng c |
| 035 |
|
|
|a (OCoLC)ocn971627768
|
| 042 |
|
|
|a pcc
|
| 043 |
|
|
|a n-us-va
|
| 040 |
|
|
|a GPO
|b eng
|e rda
|e pn
|c GPO
|d MERUC
|d OCLCF
|d AZP
|d IAC
|d TFW
|d OCLCQ
|d OCLCO
|d LWA
|d GPO
|d MvI
|
| 049 |
|
|
|a WWW
|
| 074 |
|
|
|a 0830-H-17 (online)
|
| 086 |
0 |
|
|a NAS 1.59:W 15/2/FINAL/VOL.1
|
| 245 |
0 |
0 |
|a Final programmatic environmental impact statement.
|n Volume I of II,
|p Wallops Flight Facility Shoreline Restoration and Infrastructure Protection Program /
|c prepared for National Aeronautics and Space Administration, Goddard Space Flight Center ; in cooperation with U.S. Department of the Interior, Bureau of Ocean Energy Management, Regulation, and Enforcement, and U.S. Army Corps of Engineers ; prepared by URS Group, Inc.
|
| 246 |
3 |
0 |
|a Wallops Flight Facility Shoreline Restoration and Infrastructure Protection Program
|
| 246 |
1 |
|
|i Title also appears as:
|a Shoreline Restoration and Infrastructure Protection Program Wallops Flight Facility
|
| 264 |
|
1 |
|a Wallops Island, VA :
|b Goddard Space Flight Center, Wallops Flight Facility,
|c 2010.
|
| 300 |
|
|
|a 1 online resource (XII, xiii, 429 pages) :
|b color illustrations, color maps
|
| 336 |
|
|
|a text
|b txt
|2 rdacontent
|
| 337 |
|
|
|a computer
|b c
|2 rdamedia
|
| 338 |
|
|
|a online resource
|b cr
|2 rdacarrier
|
| 500 |
|
|
|a "October 2010."
|
| 504 |
|
|
|a Includes bibliographical references (pages 397-421) and index.
|
| 588 |
0 |
|
|a Online resource; title from PDF cover (NASA, viewed Jan. 27, 2017).
|
| 610 |
2 |
0 |
|a Wallops Flight Facility.
|
| 610 |
2 |
7 |
|a Wallops Flight Facility.
|2 fast
|0 (OCoLC)fst00596631
|
| 650 |
|
0 |
|a Coasts
|x Environmental aspects.
|
| 650 |
|
0 |
|a Coastal zone management
|z Virginia
|z Wallops Island.
|
| 650 |
|
0 |
|a Coast changes
|z Virginia
|z Wallops Island.
|
| 650 |
|
0 |
|a Storm surges
|z Virginia
|z Wallops Island.
|
| 650 |
|
7 |
|a Coast changes.
|2 fast
|0 (OCoLC)fst00865699
|
| 650 |
|
7 |
|a Coastal zone management.
|2 fast
|0 (OCoLC)fst00865756
|
| 650 |
|
7 |
|a Coasts
|x Environmental aspects.
|2 fast
|0 (OCoLC)fst00865805
|
| 650 |
|
7 |
|a Storm surges.
|2 fast
|0 (OCoLC)fst01134114
|
| 651 |
|
7 |
|a Virginia
|z Wallops Island.
|2 fast
|0 (OCoLC)fst01202968
|
| 655 |
|
7 |
|a Environmental impact statements.
|2 lcgft
|
| 710 |
2 |
|
|a URS Group (Gaithersburg, Md.),
|e author.
|
| 710 |
1 |
|
|a United States.
|b National Aeronautics and Space Administration,
|e issuing body.
|
| 710 |
1 |
|
|a United States.
|b Bureau of Ocean Energy Management, Regulation, and Enforcement.
|
| 710 |
1 |
|
|a United States.
|b Army.
|b Corps of Engineers.
|
| 856 |
4 |
0 |
|u https://purl.fdlp.gov/GPO/gpo77176
|t 0
|
| 999 |
f |
f |
|s f92d8ab1-ed61-397e-8cd1-3985637cb1fc
|i 080d18fc-cc04-31ee-b175-d299660496bc
|t 0
|
| 952 |
f |
f |
|a Texas A&M University
|b College Station
|c Electronic Resources
|d Available Online
|t 0
|e NAS 1.59:W 15/2/FINAL/VOL.1
|h Superintendent of Documents classification
|
| 998 |
f |
f |
|a NAS 1.59:W 15/2/FINAL/VOL.1
|t 0
|l Available Online
|